The mermaid's treasure / (Record no. 8124)
[ view plain ]
| 000 -LEADER | |
|---|---|
| fixed length control field | 01334nam a22002297a 4500 |
| 001 - CONTROL NUMBER | |
| control field | 8124 |
| 003 - CONTROL NUMBER IDENTIFIER | |
| control field | FISKH |
| 005 - DATE AND TIME OF LATEST TRANSACTION | |
| control field | 20250827121106.0 |
| 008 - FIXED-LENGTH DATA ELEMENTS--GENERAL INFORMATION | |
| fixed length control field | 250827b cb ||||| |||| 00| 0 eng d |
| 020 ## - INTERNATIONAL STANDARD BOOK NUMBER | |
| International Standard Book Number | 9780525479611 |
| 040 ## - CATALOGING SOURCE | |
| Original cataloging agency | FISKH |
| Language of cataloging | eng |
| Transcribing agency | FISKH |
| Modifying agency | FISKH |
| 050 ## - LIBRARY OF CONGRESS CALL NUMBER | |
| Classification number | J398.21 PET |
| 082 ## - DEWEY DECIMAL CLASSIFICATION NUMBER | |
| Classification number | 398.21 |
| 100 ## - MAIN ENTRY--PERSONAL NAME | |
| Personal name | Peters, Stephanie True |
| 245 ## - TITLE STATEMENT | |
| Title | The mermaid's treasure / |
| 260 ## - PUBLICATION, DISTRIBUTION, ETC. | |
| Place of publication, distribution, etc. | New York : |
| Name of publisher, distributor, etc. | Penguin Books, |
| Date of publication, distribution, etc. | 2008. |
| 300 ## - PHYSICAL DESCRIPTION | |
| Extent | 28 unnumbered pages : |
| Other physical details | color illustrations ; |
| Dimensions | 31 cm |
| 520 ## - SUMMARY, ETC. | |
| Summary, etc. | Another sparkling gift book from The New York Timesbestselling author of A PRINCESS PRIMER. For anyone who has ever wondered if mermaids exist, here is a stunning oversize novelty book that reveals everything about their secret world, from how to recognize and find them to tips about their style and preferences. Stories about mermaids past and present are interwoven with activities such as selecting the perfect pet for a mermaid and touring a mermaid castle. Breathtaking watercolour paintings of mermaids, marine animals, and underwater landscapes offer plenty of details to discover. This beautiful gift book offers interactive fun on every page, leading up to a glittery surprise on the final spread. |
| 650 ## - SUBJECT ADDED ENTRY--TOPICAL TERM | |
| Topical term or geographic name entry element | Mermaids |
| Form subdivision | Fantasy |
| General subdivision | Picture Book |
| Chronological subdivision | Story teller |
| 942 ## - ADDED ENTRY ELEMENTS (KOHA) | |
| Source of classification or shelving scheme | Dewey Decimal Classification |
| Koha item type | Books |
| Suppress in OPAC | No |
| Withdrawn status | Lost status | Source of classification or shelving scheme | Damaged status | Not for loan | Collection | Home library | Current library | Shelving location | Date acquired | Total Checkouts | Full call number | Barcode | Date last seen | Copy number | Price effective from | Koha item type |
|---|---|---|---|---|---|---|---|---|---|---|---|---|---|---|---|---|
| Dewey Decimal Classification | Juvenile Fiction | Footprints International School Library Network Toul Kork Campus | Footprints International School Library Network Toul Kork Campus | Librarian's Shelf TK | 08/27/2025 | PET 398.21 J398.21 PET | 2025-4279 | 08/27/2025 | 1 | 08/27/2025 | Books |
